A answers - Statistics

General Stats
  • This quiz has been taken 35 times
  • The average score is 10 of 15
Answer Stats
Hint Answer % Correct
Shortened version of Artificial Intelligence AI
94%
Girl who had a diary while the n@zis where invading Anne frank
94%
Island continent Australia
91%
South American river/jungle Amazon
82%
What do they speak in egypt Arabic
79%
Gorillas and chimps are Apes
74%
Flying thing to have a vacation Airplane
71%
Opposite words Antonym
71%
first country alphabetically Afghanistan
65%
Most living things animals
65%
Eggplant Aubergine
65%
1st 2nd and 3rd places get these Awards
62%
Every year it gets higher Age
35%
Shade of blue Aqua
35%
Smartest person Albert einstein
32%
No matching quizzes found
Score Distribution
Percent of People with Each Score
Percentile by Number Answered
Your Score History
You have not taken this quiz